| 000 | 00817cam a2200265 4500 | ||
|---|---|---|---|
| 008 | 090401t1991 xxu||||| |||| 00| 0 eng d | ||
| 020 | _a0854064907 | ||
| 035 | _a(Sirsi) u52802 | ||
| 041 | _aeng | ||
| 050 |
_a693.82 _c18 |
||
| 090 | _aRICS 1991/23 ABCD | ||
| 110 |
_aBickerdike Allen Partners _9873 |
||
| 245 | _aControlling fire dangers through fire conscious building design | ||
| 260 |
_aLondon _bRICS Books _c1991 |
||
| 300 |
_a8p. _c30cm. |
||
| 350 | _a5.95 | ||
| 490 | _aRICS Occasional Paper | ||
| 520 | _aFirst published in the RIBA Journal May 1988. | ||
| 650 | _aBUILT ENVIRONMENT-CONSTRUCTION DESIGN | ||
| 650 | _aFIRE PREVENTION | ||
| 710 |
_aRoyal Institution of Chartered Surveyors _94900 |
||
| 710 |
_aRoyal Institute of British Architects _92527 |
||
| 942 | _n0 | ||
| 948 | _c04/03/1997 | ||
| 999 |
_c93173 _d93173 |
||